[Event "Bansko Grand Chess Open"]
[Site "Bansko BUL"]
[Date "2010.12.16"]
[Round "5.23"]
[White "Videnova, Iva"]
[Black "Georgiev, Dimitar"]
[Result "1-0"]
[WhiteTitle "WIM"]
[WhiteElo "2269"]
[BlackElo "1873"]
[WhiteFideId "2907763"]
[BlackFideId "2912171"]
[EventDate "2010.12.13"]
[EventType "swiss"]

1. c4 Nf6 2. g3 c6 3. Nf3 d5 4. b3 Bg4 5. Bg2 Nbd7 6. d4 Bxf3 7. Bxf3 e5 8. cxd5
cxd5 9. dxe5 Nxe5 10. Bg2 Bb4+ 11. Bd2 Qe7 12. O-O Rd8 13. Nc3 O-O 14. Nxd5 Nxd5
15. Bxd5 Rxd5 16. Bxb4 Qe6 17. Qc1 Rfd8 18. Qe3 Qh3 19. f3 b6 20. Rac1 f6 21.
Rc7 Rd1 22. Be1 R1d7 23. Rxd7 Rxd7 24. Bc3 Re7 25. Qe4 Qd7 26. Rc1 f5 27. Qc2
Qe6 28. Bd4 Kf7 29. Qc8 Nd7 30. e3 Ne5 31. Qxe6+ Kxe6 32. Bxe5 Kxe5 33. Kf2 g5
34. f4+ gxf4 35. exf4+ Kd4 36. Rc6 Kd3 37. Rd6+ Ke4 38. Rd2 Rc7 39. Re2+ Kd3 40.
Kf3 h5 41. h3 Rc1 42. Re5 Rf1+ 43. Kg2 Ra1 44. Rxf5 Rxa2+ 45. Kf3 Kc3 46. Rxh5
Kxb3 47. f5 Ra1 48. Kg4 Rf1 49. Rh7 a5 50. Rb7 a4 51. Rxb6+ Kc3 52. Ra6 Kb3 53.
h4 a3 54. Kg5 a2 55. f6 Rf3 56. g4 Kb2 57. Rxa2+ Kxa2 58. Kg6 Rf4 59. g5 Rxh4
60. f7 Rf4 61. Kg7 1-0

[Event "Bansko Grand Chess Open"]
[Site "Bansko BUL"]
[Date "2010.12.16"]
[Round "5.24"]
[White "Krastev, Kalin"]
[Black "Kjurkchiiski, Georgi"]
[Result "0-1"]
[WhiteElo "1848"]
[BlackElo "2265"]
[WhiteFideId "2903857"]
[BlackFideId "2901153"]
[EventDate "2010.12.13"]
[EventType "swiss"]

1. f4 Nf6 2. Nf3 d6 3. e3 g6 4. b3 Bg7 5. d4 O-O 6. Bd3 c5 7. c3 cxd4 8. exd4
Nc6 9. O-O Bg4 10. h3 Bf5 11. Bxf5 gxf5 12. Bb2 e6 13. Nbd2 Nd5 14. Nc4 b5 15.
Na3 b4 16. cxb4 Ne3 17. Qd3 Nxf1 18. b5 Nb4 19. Qxf1 Nd5 20. g3 Qb6 21. Nc4 Qxb5
22. Nxd6 Qxf1+ 23. Kxf1 Rfd8 24. Nc4 Rac8 25. Ke2 Rc7 26. Rb1 Nb6 27. Ne3 Rdc8
28. Kd2 Rd8 29. a3 Nd5 30. Nc4 Rb8 31. Bc3 Rxc4 32. bxc4 Rxb1 33. cxd5 Bf8 34.
dxe6 fxe6 35. a4 Be7 36. d5 exd5 37. Nd4 Bc5 38. Nxf5 Kf7 39. Nd4 Rh1 40. Nf3
Rf1 41. Ne5+ Ke6 42. Nd3 Bb6 43. a5 Bg1 44. Ke2 Rb1 45. Bb2 Kf5 46. Kf3 Ke6 47.
g4 a6 48. f5+ Kf7 49. g5 Bh2 50. Kg4 Rd1 51. Nc5 d4 52. Nxa6 Bd6 53. Kf3 Rd2 54.
Bc1 Rd1 55. Bb2 d3 56. Ke3 Rb1 57. Bd4 Rb5 58. g6+ hxg6 59. fxg6+ Kxg6 60. Bb6
Rd5 0-1

[Event "Bansko Grand Chess Open"]
[Site "Bansko BUL"]
[Date "2010.12.16"]
[Round "5.25"]
[White "Zygouris, Hristos"]
[Black "Petrov, Vladimir Sergeev"]
[Result "1-0"]
[WhiteElo "2225"]
[BlackElo "1778"]
[WhiteFideId "4200292"]
[BlackFideId "2902940"]
[EventDate "2010.12.13"]
[EventType "swiss"]

1. c4 Nf6 2. g3 c5 3. Bg2 d5 4. cxd5 Nxd5 5. Nc3 Nc7 6. Nf3 Nc6 7. O-O e5 8. a3
Be7 9. b4 f6 10. bxc5 Bxc5 11. e3 O-O 12. Qc2 Be6 13. Rd1 Be7 14. d4 exd4 15.
Nxd4 Nxd4 16. exd4 Rc8 17. Qe4 Bb3 18. Re1 Re8 19. Qxb7 Rb8 20. Qxa7 Bd6 21.
Rxe8+ Qxe8 22. Bd2 Nb5 23. Qa6 Nxc3 24. Bxc3 Qd7 25. Qc6 Qxc6 26. Bxc6 Rc8 27.
d5 Ba4 28. Bb4 Bxc6 29. dxc6 Bxb4 30. axb4 Rxc6 31. Kf1 Rb6 32. Rb1 Kf7 33. Ke2
Ke6 34. Kd3 Kd5 35. Kc3 Kc6 36. Kc4 Rb7 37. Re1 Kd6 38. Re2 g6 39. f4 h5 40. b5
Rc7+ 41. Kb4 Rc8 42. Rd2+ Ke7 43. b6 Rc1 44. Kb5 Rb1+ 45. Kc6 Rc1+ 46. Kb7 Ke6
47. Ka7 Ra1+ 48. Kb8 Kf5 49. Rb2 Kg4 50. b7 h4 51. gxh4 Kxf4 52. Kc8 Rc1+ 53.
Kd7 Rd1+ 54. Ke7 Re1+ 55. Kf7 1-0

[Event "Bansko Grand Chess Open"]
[Site "Bansko BUL"]
[Date "2010.12.16"]
[Round "5.26"]
[White "Vasiliadis, Theodoros"]
[Black "Dounis, Alexandros"]
[Result "0-1"]
[WhiteElo "1671"]
[BlackElo "2207"]
[WhiteFideId "4265491"]
[BlackFideId "4213238"]
[EventDate "2010.12.13"]
[EventType "swiss"]

1. e4 e5 2. Nf3 Nc6 3. Bc4 Bc5 4. c3 Nf6 5. d3 d6 6. h3 O-O 7. O-O Bb6 8. Bg5 h6
9. Bh4 g5 10. Bg3 Ne7 11. Nbd2 Ng6 12. d4 Qe7 13. Bd3 g4 14. hxg4 Bxg4 15. Qc2
Nh5 16. Kh1 Rad8 17. Nh2 Bc8 18. Nc4 Qg5 19. Nxb6 axb6 20. Qc1 Ngf4 21. Qe3 Kh8
22. Bxf4 exf4 23. Qf3 Rg8 24. Rfe1 Qh4 25. e5 d5 26. Bc2 Rg5 27. Qd3 Bf5 28. Qd2
Ng3+ 29. Kg1 Qxh2+ 0-1

[Event "Bansko Grand Chess Open"]
[Site "Bansko BUL"]
[Date "2010.12.16"]
[Round "5.27"]
[White "Hristodoulou, Panagiotis"]
[Black "Atanasova, Elitsa"]
[Result "1-0"]
[WhiteElo "2207"]
[BlackElo "1748"]
[WhiteFideId "4214340"]
[BlackFideId "2913690"]
[EventDate "2010.12.13"]
[EventType "swiss"]

1. e4 e6 2. d4 d5 3. e5 c5 4. c3 Nc6 5. Nf3 Be7 6. Bd3 f6 7. O-O cxd4 8. cxd4
Qb6 9. Nc3 Bd7 10. Be3 Qc7 11. Rc1 fxe5 12. dxe5 Qd8 13. Qd2 Bb4 14. Bg5 Qa5 15.
Qf4 Nge7 16. a3 Bxc3 17. Rxc3 h6 18. Qh4 Kf7 19. b4 Qd8 20. Qh5+ Kg8 21. Bd2 a6
22. Re1 Be8 23. Qg4 Bf7 24. Rcc1 Qe8 25. a4 Rc8 26. b5 axb5 27. axb5 Na7 28. Nd4
Qd7 29. Ra1 b6 30. Ra6 Rb8 31. f4 h5 32. Qh4 g6 33. f5 Rh7 34. fxe6 Bxe6 35.
Nxe6 Qxe6 36. Rxa7 1-0

[Event "Bansko Grand Chess Open"]
[Site "Bansko BUL"]
[Date "2010.12.16"]
[Round "5.28"]
[White "Dichev, Dragomir"]
[Black "Todorov, Momchil"]
[Result "0-1"]
[WhiteElo "1613"]
[BlackElo "2205"]
[WhiteFideId "2911930"]
[BlackFideId "2906350"]
[EventDate "2010.12.13"]
[EventType "swiss"]

1. e4 c5 2. d3 Nc6 3. f4 d6 4. Nf3 g6 5. g3 Bg7 6. Bg2 Nf6 7. h3 O-O 8. g4 b5 9.
f5 Nd7 10. Nc3 b4 11. Ne2 a5 12. Ng3 Nde5 13. Nxe5 Bxe5 14. Kf2 e6 15. h4 Qb6
16. h5 c4+ 17. Be3 Bxg3+ 18. Kf3 Ne5+ 19. Ke2 cxd3+ 20. cxd3 Qb5 21. Rh3 Ba6 22.
Rxg3 Nxd3 23. Kd2 Nxb2 24. Qb3 Qe2+ 25. Kc1 Rac8+ 26. Kb1 Bd3+ 0-1

[Event "Bansko Grand Chess Open"]
[Site "Bansko BUL"]
[Date "2010.12.16"]
[Round "5.29"]
[White "Yakimenko, Alexander A."]
[Black "Stefanov, Emil"]
[Result "1-0"]
[WhiteElo "2194"]
[BlackElo "1695"]
[WhiteFideId "24141917"]
[BlackFideId "2914794"]
[EventDate "2010.12.13"]
[EventType "swiss"]

1. e4 c6 2. d4 d5 3. f3 e6 4. Nc3 Nf6 5. Nge2 c5 6. Bg5 dxe4 7. Nxe4 Qa5+ 8. Bd2
Qd8 9. Nxc5 Bxc5 10. dxc5 h6 11. Bc3 Nbd7 12. Qd6 Qe7 13. Qxe7+ Kxe7 14. Bb4 Nd5
15. Ba3 Ke8 16. Nd4 Ne5 17. O-O-O a6 18. Re1 f6 19. g3 Kf7 20. b3 Bd7 21. Bg2
Nc6 22. Bb2 e5 23. f4 Nxf4 24. gxf4 exd4 25. Bd5+ Kg6 26. Rhg1+ Kh7 27. Be4+ Kg8
28. Bxc6 Bxc6 29. Re7 Rh7 30. Bxd4 Kh8 31. c4 Rd8 32. Bc3 Rf8 33. b4 g5 34. Re6
Rhf7 35. fxg5 hxg5 36. Rxg5 Kh7 37. Rg3 Kh6 38. Kb2 Kh5 39. Kb3 Bd7 40. Rd6 Bg4
41. h3 Bc8 42. b5 axb5 43. cxb5 f5 44. Bg7 Kh4 45. Rg1 Rxg7 46. Rh6# 1-0

[Event "Bansko Grand Chess Open"]
[Site "Bansko BUL"]
[Date "2010.12.16"]
[Round "5.30"]
[White "Stojanov, Alexandar"]
[Black "Hristov, Kaloyan"]
[Result "1/2-1/2"]
[WhiteElo "2148"]
[BlackElo "1608"]
[WhiteFideId "2907941"]
[BlackFideId "2910837"]
[EventDate "2010.12.13"]
[EventType "swiss"]

1. e4 c5 2. d4 cxd4 3. c3 d3 4. c4 d6 5. Bxd3 Nf6 6. Nc3 g6 7. Nge2 Bg7 8. f3
O-O 9. Be3 Nc6 10. O-O Bd7 11. b3 Ne5 12. Rc1 Qa5 13. Bb1 Bc6 14. Qd2 Rfe8 15.
Rfd1 Rac8 16. Qe1 Ned7 17. Qf2 a6 18. Nd4 Nc5 19. Nxc6 Rxc6 20. Nd5 Nxd5 21.
cxd5 Rcc8 22. Rc4 Nd7 23. Rdc1 Rxc4 24. Rxc4 Rb8 25. b4 Qd8 26. Rc1 Rc8 27. Rxc8
Qxc8 28. Qc2 Qxc2 29. Bxc2 Bc3 30. Ba4 b5 31. Bd1 Bxb4 32. a4 Bc5 33. Kf2 b4 34.
a5 Bxe3+ 35. Kxe3 Nc5 36. Kd4 Kg7 37. Kc4 b3 38. Bxb3 Nxb3 39. Kxb3 e5 40. dxe6
fxe6 41. Kc4 Kf6 1/2-1/2

[Event "Bansko Grand Chess Open"]
[Site "Bansko BUL"]
[Date "2010.12.17"]
[Round "6.1"]
[White "Nikolaidis, Ioannis"]
[Black "Savchenko, Boris"]
[Result "1/2-1/2"]
[WhiteTitle "GM"]
[BlackTitle "GM"]
[WhiteElo "2552"]
[BlackElo "2632"]
[WhiteFideId "4202139"]
[BlackFideId "4147332"]
[EventDate "2010.12.13"]
[EventType "swiss"]

1. d4 Nf6 2. c4 e6 3. Nf3 b6 4. g3 Ba6 5. Qa4 c5 6. Bg2 Bb7 7. dxc5 bxc5 8. O-O
Be7 9. Rd1 O-O 10. Bf4 Qb6 11. Nc3 Rd8 12. Qb3 d6 13. Rd2 Nbd7 14. Qxb6 Nxb6 15.
b3 Rd7 16. Rad1 Rad8 17. h3 Ne4 18. Nxe4 Bxe4 19. Be3 Rc7 20. Bg5 f6 21. Bf4
Rcd7 22. h4 d5 23. cxd5 Bxd5 24. Be3 Kf7 25. Rc1 c4 26. Bxb6 axb6 27. bxc4 Bxf3
28. Rxd7 Rxd7 29. Bxf3 Rd2 1/2-1/2

[Event "Bansko Grand Chess Open"]
[Site "Bansko BUL"]
[Date "2010.12.17"]
[Round "6.2"]
[White "Nabaty, Tamir"]
[Black "Georgiev, Vladimir"]
[Result "1-0"]
[WhiteTitle "IM"]
[BlackTitle "GM"]
[WhiteElo "2529"]
[BlackElo "2582"]
[WhiteFideId "2809052"]
[BlackFideId "2903024"]
[EventDate "2010.12.13"]
[EventType "swiss"]

1. e4 e5 2. Nf3 Nc6 3. d4 exd4 4. Nxd4 Bc5 5. Nb3 Bb6 6. Nc3 d6 7. a4 a6 8. Nd5
Ba7 9. Bd3 Ne5 10. Be3 Bxe3 11. Nxe3 Nf6 12. f4 Nfg4 13. Nxg4 Bxg4 14. Qd2 Nxd3+
15. cxd3 Qh4+ 16. Qf2 Qxf2+ 17. Kxf2 Be6 18. Nd4 c5 19. Nc2 f5 20. Ne3 Rf8 21.
Kf3 g5 22. g3 gxf4 23. gxf4 O-O-O 24. Rac1 Kb8 25. Rhg1 fxe4+ 26. dxe4 d5 27.
exd5 Bxd5+ 28. Nxd5 Rxd5 29. Rcd1 Rh5 30. Rd2 Rf7 31. Ke4 Kc7 32. Rg5 Rxg5 33.
fxg5 Rf1 34. Rd3 Rf2 35. Rh3 Rxb2 36. Rxh7+ Kd6 37. Rh6+ Ke7 38. Kd5 b6 39. Rh7+
Kf8 40. h4 Rb4 41. h5 Rxa4 42. g6 Rg4 43. Ke6 Rg1 44. Rc7 a5 45. Kf6 Rf1+ 46.
Kg5 a4 47. h6 Ra1 48. Kf6 Rf1+ 49. Ke6 1-0

[Event "Bansko Grand Chess Open"]
[Site "Bansko BUL"]
[Date "2010.12.17"]
[Round "6.3"]
[White "Grigoryan, Avetik"]
[Black "Korobkov, Piotr"]
[Result "1-0"]
[WhiteTitle "GM"]
[WhiteElo "2580"]
[BlackElo "2484"]
[WhiteFideId "13302191"]
[BlackFideId "14112787"]
[EventDate "2010.12.13"]
[EventType "swiss"]

1. Nf3 d6 2. d4 Nf6 3. c4 g6 4. Nc3 Bf5 5. h3 Bg7 6. g4 Bd7 7. e4 O-O 8. Be3 e5
9. d5 c6 10. Be2 a5 11. Nd2 Na6 12. h4 Ne8 13. Nf1 Nc5 14. Ng3 cxd5 15. cxd5 h6
16. h5 g5 17. Bxc5 dxc5 18. Bb5 Nd6 19. a4 Bc8 20. Rc1 Qf6 21. Be2 Rd8 22. Nb5
Nxb5 23. Bxb5 Bf8 24. O-O Bd6 25. Kg2 Qf4 26. f3 Qf6 27. Rc3 Qe7 28. Rf2 Rb8 29.
Nf1 b6 30. Ne3 Kf8 31. Rb3 Qc7 32. Qd3 Kg8 33. Bc6 Kh7 34. Rc2 f6 35. Qb5 Qe7
36. Nc4 Qa7 37. Be8 Ba6 38. Bg6+ Kg7 39. Qc6 Bxc4 40. Rxc4 Qc7 41. Bf5 Kf8 42.
Rb5 Ke7 43. Rc3 Qxc6 44. dxc6 Bc7 45. Bd7 Ra8 46. Kf2 Rab8 47. Rd3 Ra8 48. Ke2
Rab8 49. Rd5 Ra8 50. Kd3 Ra7 51. Kc4 Raa8 52. Rb3 Ra7 53. Kb5 Raa8 54. Rbd3 Ra7
55. Bf5 Rxd5 56. Rxd5 Bd8 57. Bc8 1-0

[Event "Bansko Grand Chess Open"]
[Site "Bansko BUL"]
[Date "2010.12.17"]
[Round "6.4"]
[White "Cheparinov, Ivan"]
[Black "Danielsen, Henrik"]
[Result "1/2-1/2"]
[WhiteTitle "GM"]
[BlackTitle "GM"]
[WhiteElo "2668"]
[BlackElo "2516"]
[WhiteFideId "2905540"]
[BlackFideId "1400185"]
[EventDate "2010.12.13"]
[EventType "swiss"]

1. d4 d5 2. c4 c6 3. Nf3 Nf6 4. Nc3 a6 5. a4 e6 6. Bg5 Be7 7. e3 Nbd7 8. Bd3 O-O
9. O-O a5 10. Qc2 h6 11. Bf4 b6 12. cxd5 exd5 13. h3 Bb7 14. Rad1 Nb8 15. Ne5
Na6 16. Na2 c5 17. Bb5 Qc8 18. Rc1 Qe6 19. Bh2 Rfd8 20. f3 Bd6 21. Bd3 Qe8 22.
Bb5 Qe6 23. Rfe1 Bf8 24. b3 Be7 25. Kh1 Bf8 26. Qf2 Rac8 27. Rc2 Bd6 28. Rec1
Be7 29. Nd3 Bf8 30. Qd2 Ra8 31. Rc3 Rac8 32. R3c2 Ra8 33. Qf2 Rac8 34. Kg1 Ne8
35. Qd2 Nec7 36. Nf4 Qf6 37. Bf1 Ne6 38. Nxe6 Qxe6 39. Bb5 Be7 40. Bf4 Bf8 41.
Bd3 Re8 42. Bb5 Red8 43. Rc3 Be7 44. Qf2 Bf6 45. R1c2 Be7 46. Bd3 Bf8 47. g4 Ra8
48. h4 Re8 49. Qg3 Bd6 50. Re2 Rad8 51. Rcc2 Qf6 52. Bxd6 Qxd6 53. Qxd6 Rxd6 54.
h5 Kf8 55. Kf2 Rde6 56. Bb5 R8e7 57. Rcd2 Rf6 58. Nc1 cxd4 59. exd4 Nb4 60. Na2
Rxe2+ 61. Rxe2 Re6 62. Rxe6 fxe6 63. Nxb4 axb4 64. f4 Ke7 65. g5 Bc8 66. Kf3 Kd6
67. Bd3 Ke7 68. Kg3 Kd6 69. f5 exf5 70. Kf4 Bd7 71. Bxf5 hxg5+ 72. Kxg5 Be8 73.
Bg6 Bc6 74. Bf7 Ke7 75. Kg6 Kf8 76. Be6 Be8+ 77. Kg5 Bc6 78. Kg6 Be8+ 79. Kg5
Bc6 80. Bg4 Be8 81. Kf5 Ke7 82. Ke5 Bf7 83. Bf3 Kd7 84. Bxd5 Bxh5 85. Be6+ Kc7
86. d5 Be2 87. d6+ Kd8 88. Kd5 g5 89. Kc6 g4 90. Kxb6 Bf3 91. Kc5 g3 92. Bh3 g2
93. Bxg2 Bxg2 94. Kxb4 Bd5 95. a5 Kd7 96. Kc5 Bxb3 97. a6 Bd1 98. a7 Bf3 1/2-1/2

[Event "Bansko Grand Chess Open"]
[Site "Bansko BUL"]
[Date "2010.12.17"]
[Round "6.5"]
[White "Dobrev, Nanko"]
[Black "Petrov, Marijan"]
[Result "1/2-1/2"]
[WhiteTitle "IM"]
[BlackTitle "GM"]
[WhiteElo "2376"]
[BlackElo "2534"]
[WhiteFideId "2901633"]
[BlackFideId "2901773"]
[EventDate "2010.12.13"]
[EventType "swiss"]

1. d4 d6 2. Nf3 g6 3. c4 Bg7 4. e4 Bg4 5. d5 Nd7 6. Be2 c6 7. O-O Rc8 8. h3 Bxf3
9. Bxf3 cxd5 10. cxd5 a6 11. Re1 Ngf6 12. Nc3 O-O 13. Be3 Ne5 14. Be2 b5 15. Bd4
Nc4 16. b3 Na3 17. b4 Nd7 18. Bxg7 Kxg7 19. Qb3 Nc4 20. a4 Qb6 21. axb5 axb5 22.
Nxb5 Qxb5 23. Ra5 Qb6 24. Bxc4 Qd4 25. Bf1 Rc3 26. Qb2 Rfc8 27. Ra3 R3c4 28. Rb3
Qxb2 29. Rxb2 Rc2 30. Rxc2 Rxc2 31. Rb1 Nb6 32. Bb5 f5 33. exf5 Nxd5 34. Bd7 Rc7
35. Be8 Rc8 36. Bd7 Rc7 37. Be8 Rc8 1/2-1/2

[Event "Bansko Grand Chess Open"]
[Site "Bansko BUL"]
[Date "2010.12.17"]
[Round "6.8"]
[White "Galburd, Yan"]
[Black "Perunovic, Miodrag"]
[Result "1-0"]
[BlackTitle "IM"]
[WhiteElo "2322"]
[BlackElo "2465"]
[WhiteFideId "2808528"]
[BlackFideId "919993"]
[EventDate "2010.12.13"]
[EventType "swiss"]

1. Nf3 Nf6 2. c4 c5 3. g3 b6 4. Bg2 Bb7 5. Nc3 e6 6. O-O Be7 7. Re1 Ne4 8. Nxe4
Bxe4 9. d3 Bb7 10. d4 Be4 11. b3 O-O 12. Bb2 d6 13. Qd2 Nd7 14. Rad1 Re8 15. h4
h6 16. dxc5 bxc5 17. Qe3 Bc6 18. g4 Nf6 19. g5 hxg5 20. hxg5 Nh5 21. g6 fxg6 22.
Qxe6+ Kh7 23. Ne5 Bf6 24. Nxc6 Rxe6 25. Nxd8 Rxd8 26. Bc1 g5 27. Bf3 Nf4 28. e3
Ng6 29. Bg4 Re7 30. Bf5 Kh6 31. Bxg6 Kxg6 32. Rd5 Be5 33. Kg2 Rf7 34. Re2 Rf5
35. e4 Rf6 36. Bb2 Bxb2 37. Rxb2 Re8 38. Rbd2 Ree6 39. e5 dxe5 40. Rxc5 g4 41.
Re2 Rf5 42. Rc7 a6 43. b4 e4 44. a4 Rf3 45. b5 axb5 46. axb5 Rb3 47. Re3 Rb2 48.
Kg3 Rf6 49. Rxe4 Kh5 50. Re3 Rfxf2 51. Rxg7 Rg2+ 52. Kf4 Rgc2 53. Re5+ Kh6 54.
Rc7 Rf2+ 55. Kxg4 Rg2+ 56. Kf5 Rbf2+ 57. Ke6 Rf8 58. Kd6 Kg6 59. Kc5 Kf6 60. Rh5
Kg6 61. Rd5 Rf4 62. Rd6+ 1-0

[Event "Bansko Grand Chess Open"]
[Site "Bansko BUL"]
[Date "2010.12.17"]
[Round "6.9"]
[White "Kanakaris, Georgios"]
[Black "Berbatov, Kiprian"]
[Result "1/2-1/2"]
[BlackTitle "IM"]
[WhiteElo "2285"]
[BlackElo "2461"]
[WhiteFideId "4209460"]
[BlackFideId "2910446"]
[EventDate "2010.12.13"]
[EventType "swiss"]

1. d4 Nf6 2. c4 c5 3. d5 d6 4. Nc3 g6 5. e4 Bg7 6. Bd3 O-O 7. Nge2 e6 8. Ng3
exd5 9. cxd5 Na6 10. h3 Bd7 11. O-O Rc8 12. Bf4 c4 13. Bc2 Qc7 14. a4 Nc5 15. e5
dxe5 16. d6 Qa5 17. Bxe5 Bc6 18. f4 Rfe8 19. Nb5 Qb6 20. Kh2 Bxb5 21. axb5 Ncd7
22. Bd4 Qxd6 23. Ne4 Nxe4 24. Bxg7 Kxg7 25. Bxe4 Qxd1 26. Rfxd1 Nc5 27. Bd5 Nd3
28. Rd2 Nxf4 29. Bxb7 Rc7 30. Bc6 Re2 31. Rd4 Ne6 32. Rxc4 Rxb2 33. Rca4 Nd8 34.
Rxa7 Rxa7 35. Rxa7 Nxc6 36. bxc6 Rc2 37. c7 Kf6 38. Kg3 Ke6 39. Kf3 h5 40. Rb7
Rc3+ 41. Kf2 Rc1 42. Ra7 h4 43. Ke2 g5 44. Kd2 Rc4 45. Kd3 Rc1 1/2-1/2

[Event "Bansko Grand Chess Open"]
[Site "Bansko BUL"]
[Date "2010.12.17"]
[Round "6.10"]
[White "Zaslavsky, Mikhail"]
[Black "Fazulyanov, Sergey"]
[Result "1/2-1/2"]
[WhiteTitle "IM"]
[BlackTitle "FM"]
[WhiteElo "2424"]
[BlackElo "2365"]
[WhiteFideId "2807670"]
[BlackFideId "4153383"]
[EventDate "2010.12.13"]
[EventType "swiss"]

1. Nf3 d5 2. b3 Bf5 3. Bb2 e6 4. e3 Nf6 5. Be2 Nbd7 6. O-O h6 7. c4 c6 8. Nc3
Bd6 9. d3 O-O 10. e4 Bh7 11. cxd5 exd5 12. exd5 Nxd5 13. Nxd5 cxd5 14. d4 Re8
15. Bb5 a6 16. Bd3 Bxd3 17. Qxd3 1/2-1/2

[Event "Bansko Grand Chess Open"]
[Site "Bansko BUL"]
[Date "2010.12.17"]
[Round "6.11"]
[White "Georgiev, Krum"]
[Black "Velchev, Hristo"]
[Result "1-0"]
[WhiteTitle "GM"]
[BlackTitle "FM"]
[WhiteElo "2422"]
[BlackElo "2322"]
[WhiteFideId "2900092"]
[BlackFideId "2906481"]
[EventDate "2010.12.13"]
[EventType "swiss"]

1. e4 c5 2. Nf3 d6 3. d4 Nf6 4. Nc3 cxd4 5. Nxd4 a6 6. f4 Qc7 7. Bd3 g6 8. Nf3
Nbd7 9. O-O Bg7 10. Qe1 O-O 11. Kh1 b5 12. e5 dxe5 13. fxe5 Ng4 14. Nd5 Qc5 15.
Be4 Ndxe5 16. Nxe7+ Qxe7 17. Bxa8 Qa7 18. Bd5 Rd8 19. Nxe5 Nxe5 20. Be3 Qc7 21.
Rd1 Kh8 22. Bf4 Re8 23. Bxf7 Rf8 24. Bb3 1-0

[Event "Bansko Grand Chess Open"]
[Site "Bansko BUL"]
[Date "2010.12.17"]
[Round "6.12"]
[White "Gochev, Mladen"]
[Black "Maksimovic, Branimir"]
[Result "0-1"]
[BlackTitle "IM"]
[WhiteElo "2261"]
[BlackElo "2421"]
[WhiteFideId "2900718"]
[BlackFideId "901490"]
[EventDate "2010.12.13"]
[EventType "swiss"]

1. e4 e6 2. d3 c5 3. Nf3 Nc6 4. g3 g6 5. d4 cxd4 6. Nxd4 Nf6 7. Nc3 Bg7 8. Nxc6
dxc6 9. Qxd8+ Kxd8 10. e5 Nd5 11. f4 Nxc3 12. bxc3 f6 13. exf6 Bxf6 14. Bb2 Kc7
15. O-O-O Re8 16. Bd3 Bd7 17. h4 e5 18. c4 Bh8 19. fxe5 Bxe5 20. Bxe5+ Rxe5 21.
Rde1 Rae8 22. Rxe5 Rxe5 23. Kd2 Kd6 24. h5 gxh5 25. Bxh7 Rg5 26. Bd3 Kc5 27. Kc3
Re5 28. a3 Be6 29. Rh2 Bg4 30. Kd2 Kb6 31. Rh1 Ra5 32. Ra1 Kc7 33. Kc3 Kd6 34.
Kd4 b6 35. Kc3 Be6 36. Kb4 Rg5 37. Rh1 Ke7 38. Kc3 Kd6 39. Rh2 Bd7 40. Rh1 Kc7
41. Rh2 Kd8 42. Kb2 Be8 43. Be2 Kc7 44. Rh4 Re5 45. Bf3 Rf5 46. Be2 Kd6 47. Re4
Bg6 48. Re3 Rf2 49. Kc3 Rh2 50. Bd3 Bf7 51. Rf3 Be6 52. Re3 Bg4 53. Bg6 Rh3 54.
Kd4 c5+ 55. Kc3 Rh1 56. Bh7 Ra1 57. Kb2 Rf1 58. Kc3 Rf6 59. Bd3 Be6 60. Bh7 Kd7
61. Be4 Kd6 62. Bf3 Bf7 63. Rd3+ Kc7 64. Bd5 Bg6 65. Re3 Kd6 66. Bf3 Rf5 67. Be4
Rg5 68. Bd3 Bf5 69. Kd2 Be6 70. Kc3 Ke7 71. Rf3 Rg4 72. Be2 Re4 73. Bd3 Rd4 74.
Rf1 Bg4 75. Rf2 Rd6 76. Kd2 Re6 77. Rf4 Kd6 78. Rf8 Re7 79. Rf1 Rg7 80. Rf4 Ke5
81. Re4+ Kf6 82. Rf4+ Kg5 83. Rf8 Be6 84. Rh8 Bg8 85. Ke3 Bf7 86. Kf3 Be6 87.
Kg2 Bg4 88. Re8 Rf7 89. Re5+ Kf6 90. Re1 Rd7 91. Kf2 Rd4 92. Ke3 Be6 93. Rf1+
Kg5 94. Rf4 Rxf4 95. gxf4+ Kf6 96. Kf3 Bf5 97. Bf1 Bxc2 98. Kg3 Kf5 99. Bh3+ Ke4
100. Bg2+ Kd4 101. Bd5 b5 102. Kh4 b4 103. axb4 cxb4 0-1

[Event "Bansko Grand Chess Open"]
[Site "Bansko BUL"]
[Date "2010.12.17"]
[Round "6.13"]
[White "Ashwin, Jayaram"]
[Black "Malikentzos, Sotirios"]
[Result "1/2-1/2"]
[WhiteTitle "IM"]
[WhiteElo "2420"]
[BlackElo "2312"]
[WhiteFideId "5018137"]
[BlackFideId "4215079"]
[EventDate "2010.12.13"]
[EventType "swiss"]

1. d4 d5 2. c4 c6 3. Nf3 Nf6 4. Nc3 e6 5. g3 Nbd7 6. Bg2 dxc4 7. O-O Be7 8. a4
O-O 9. e4 e5 10. dxe5 Ng4 11. Bf4 Qa5 12. e6 fxe6 13. e5 Ndxe5 14. Nxe5 Nxe5 15.
Qh5 Bd6 16. Ne4 Rf5 17. Qe8+ Rf8 18. Qh5 Rf5 19. Qe2 Be7 20. Nd2 Nd3 21. Bd6
Bxd6 22. Nxc4 Nf4 23. Qd1 Qb4 24. Nxd6 Rf8 25. Nxc8 Nxg2 26. Qd6 Qe4 27. Ne7+
Kh8 28. Rad1 Ne3 1/2-1/2

[Event "Bansko Grand Chess Open"]
[Site "Bansko BUL"]
[Date "2010.12.17"]
[Round "6.15"]
[White "Kolev, Atanas Tonchev"]
[Black "Dimitrov, Radoslav"]
[Result "0-1"]
[BlackTitle "IM"]
[WhiteElo "2049"]
[BlackElo "2410"]
[WhiteFideId "2901463"]
[BlackFideId "2908549"]
[EventDate "2010.12.13"]
[EventType "swiss"]

1. d4 d5 2. c4 c6 3. Nf3 Nf6 4. Nc3 a6 5. c5 Bf5 6. Qb3 Qc8 7. Bf4 Nbd7 8. h3 e6
9. e3 Be7 10. Be2 O-O 11. g4 Bg6 12. Nh4 Be4 13. f3 Nh5 14. fxe4 Bxh4+ 15. Kd2
Nxf4 16. exf4 Bf2 17. exd5 exd5 18. Na4 Qc7 19. Qf3 Bxd4 20. Rac1 Rae8 0-1

[Event "Bansko Grand Chess Open"]
[Site "Bansko BUL"]
[Date "2010.12.17"]
[Round "6.16"]
[White "Todorov, Momchil"]
[Black "Mastrovasilis, Athanasios"]
[Result "0-1"]
[BlackTitle "GM"]
[WhiteElo "2205"]
[BlackElo "2556"]
[WhiteFideId "2906350"]
[BlackFideId "4201990"]
[EventDate "2010.12.13"]
[EventType "swiss"]

1. d4 Nf6 2. c4 e6 3. Nf3 c5 4. d5 d6 5. Nc3 exd5 6. cxd5 g6 7. g3 Bg7 8. Bg2
O-O 9. O-O a6 10. a4 Re8 11. Nd2 Nbd7 12. Nc4 Ne5 13. Na3 Nh5 14. h3 Bd7 15. f4
Nxg3 16. fxe5 Bxe5 17. Nc4 Bxc3 18. bxc3 Bxh3 19. Rf2 Bxg2 20. Kxg2 Ne4 21. Rf3
Qh4 22. Qd3 b5 23. axb5 axb5 24. Rxa8 Rxa8 25. Nd2 Qg4+ 26. Kh2 Qh4+ 27. Kg2 Nf6
28. Qxb5 Qg5+ 29. Kf1 Ng4 30. Qb7 Rf8 31. Ke1 Ne5 32. Rf1 Qg2 33. Rf2 Qg1+ 34.
Nf1 Re8 35. Be3 Nd3+ 36. exd3 Rxe3+ 37. Re2 Rf3 38. Kd2 Rxf1 39. Qb8+ Kg7 40.
Qxd6 Rf5 41. c4 Qa1 42. Qh2 Qb2+ 43. Ke3 Qc1+ 44. Ke4 Qf1 45. Ke3 Qc1+ 46. Ke4
h5 47. d6 Qc3 48. d7 Qd4# 0-1